[Event "Kesarovski Georgiev Memorial 8th"]
[Site "Sunny Beach"]
[Date "2009.09.10"]
[Round "5"]
[White "Getov, Valeri"]
[Black "Rezny, Frantisek"]
[Result "1-0"]
[WhiteElo "1863"]
[BlackElo "1679"]
[PlyCount "69"]
[EventDate "2009.09.07"]
[EventType "swiss"]
[EventRounds "9"]
[EventCountry "BUL"]
[SourceTitle "CBM 132 Extra"]
[Source "ChessBase"]
[SourceDate "2009.11.03"]
[SourceVersion "1"]
[SourceVersionDate "2009.11.03"]
[SourceQuality "1"]

1. c4 e5 2. Nc3 Nf6 3. e4 Nc6 4. d3 Be7 5. g3 Nd4 6. Bg2 c6 7. Nge2 d6 8. 0-0 0-0 9. Nxd4 exd4 10. Ne2 c5 11. h3 Qc7 12. f4 Rb8 13. a4 b6 14. g4 h6 15. Bd2 Bd7 16. Ng3 Qc8 17. Nf5 Bd8 18. Nxd6 Qc7 19. e5 Ne8 20. Nb5 Bxb5 21. axb5 Qe7 22. Qa4 f6 23. Qxa7 Bc7 24. e6 Kh8 25. f5 g5 26. fxg6 Qxe6 27. Rae1 Qd7 28. Bf4 Qg7 29. Bxc7 Nxc7 30. Re2 Rbe8 31. Rfe1 Rxe2 32. Rxe2 Ne8 33. Re7 Qxg6 34. Qd7 Qxd3 35. Rxe8 1-0

[Event "Kesarovski Georgiev Memorial 7th"]
[Site "Sunny Beach"]
[Date "2008.09.14"]
[Round "9"]
[White "Getov, Valeri"]
[Black "Savov, Zheljazko"]
[Result "0-1"]
[WhiteElo "1860"]
[BlackElo "1986"]
[PlyCount "67"]
[EventDate "2008.09.08"]
[EventType "swiss"]
[EventRounds "9"]
[EventCountry "BUL"]
[SourceTitle "CBM 126 Extra"]
[Source "ChessBase"]
[SourceDate "2008.11.05"]
[SourceVersion "1"]
[SourceVersionDate "2008.11.05"]
[SourceQuality "1"]

1. f4 e5 2. fxe5 d6 3. exd6 Bxd6 4. Nf3 g5 5. g3 g4 6. Nh4 Nf6 7. Bg2 Nh5 8. 0-0 Bxg3 9. hxg3 Nxg3 10. Rf4 Qxh4 11. d4 0-0 12. e4 Nh5 13. Qf1 Nxf4 14. Qxf4 Nc6 15. Be3 Ne7 16. Bf2 Ng6 17. Qe3 Qf6 18. Bg3 c5 19. c3 Qb6 20. Nd2 cxd4 21. cxd4 Qxb2 22. Rf1 b5 23. e5 Rb8 24. Ne4 Kg7 25. Nf6 Rb6 26. Nh5+ Kh8 27. Qh6 Rg8 28. Nf6 Rxf6 29. exf6 Qxd4+ 30. Kh2 Qd8 31. Re1 Qf8 32. Qh5 Be6 33. Rh1 Qd8 34. Kg1 0-1

[Event "Kesarovski Georgiev Memorial 7th"]
[Site "Sunny Beach"]
[Date "2008.09.10"]
[Round "4"]
[White "Yermishin, Viktor"]
[Black "Getov, Valeri"]
[Result "0-1"]
[WhiteElo "2344"]
[BlackElo "1860"]
[PlyCount "81"]
[EventDate "2008.09.08"]
[EventType "swiss"]
[EventRounds "9"]
[EventCountry "BUL"]
[SourceTitle "CBM 126 Extra"]
[Source "ChessBase"]
[SourceDate "2008.11.05"]
[SourceVersion "1"]
[SourceVersionDate "2008.11.05"]
[SourceQuality "1"]

1. c4 Nf6 2. d4 c5 3. d5 d6 4. Qc2 e5 5. e4 g6 6. Nc3 Bg7 7. Bd3 0-0 8. Nge2 Nh5 9. 0-0 f5 10. f4 exf4 11. Nxf4 Nxf4 12. Bxf4 g5 13. Bd2 f4 14. Ne2 Nd7 15. e5 Nxe5 16. Bxh7+ Kh8 17. Be4 Bg4 18. Bc3 Qe7 19. Kh1 Rae8 20. Bxe5 Bxe5 21. Ng1 Qg7 22. Rab1 Rf6 23. Nf3 Bxf3 24. gxf3 Bd4 25. Qg2 Rh6 26. b3 Rh4 27. Bf5 Re5 28. Bg4 Qh7 29. Rbe1 Be3 30. Re2 Qd3 31. Rfe1 Kg7 32. Qf1 Kf6 33. Kg2 Re8 34. h3 Reh8 35. Be6 R4h6 36. Kh2 Qh7 37. Qg2 Rh4 38. Rd1 a6 39. Ree1 b5 40. cxb5 axb5 41. Bg4 0-1

[Event "Kesarovski Georgiev Memorial 7th"]
[Site "Sunny Beach"]
[Date "2008.09.09"]
[Round "2"]
[White "Nikolov, Radoslav"]
[Black "Getov, Valeri"]
[Result "1-0"]
[WhiteElo "2143"]
[BlackElo "1860"]
[PlyCount "57"]
[EventDate "2008.09.08"]
[EventType "swiss"]
[EventRounds "9"]
[EventCountry "BUL"]
[SourceTitle "CBM 126 Extra"]
[Source "ChessBase"]
[SourceDate "2008.11.05"]
[SourceVersion "1"]
[SourceVersionDate "2008.11.05"]
[SourceQuality "1"]

1. d4 f5 2. c4 Nf6 3. Nc3 e6 4. Bg5 Be7 5. e3 0-0 6. Nf3 b6 7. Be2 Bb7 8. 0-0 d6 9. Rc1 Nbd7 10. b4 h6 11. Bxf6 Nxf6 12. Qb3 c5 13. dxc5 bxc5 14. bxc5 Bxf3 15. Bxf3 Rb8 16. Qa4 Qc7 17. c6 d5 18. cxd5 Rb4 19. Qa6 Bd6 20. h3 Rfb8 21. dxe6 R8b6 22. Qd3 g6 23. Rfd1 Be7 24. Nd5 Nxd5 25. Qxd5 Bh4 26. e7+ Kg7 27. e8Q Bxf2+ 28. Kxf2 Rb2+ 29. Rd2 1-0

[Event "Kesarovski Georgiev Memorial 7th"]
[Site "Sunny Beach"]
[Date "2008.09.08"]
[Round "1"]
[White "Getov, Valeri"]
[Black "Todorov, Ognjan"]
[Result "0-1"]
[WhiteElo "1860"]
[BlackElo "2318"]
[PlyCount "45"]
[EventDate "2008.09.08"]
[EventType "swiss"]
[EventRounds "9"]
[EventCountry "BUL"]
[SourceTitle "CBM 126 Extra"]
[Source "ChessBase"]
[SourceDate "2008.11.05"]
[SourceVersion "1"]
[SourceVersionDate "2008.11.05"]
[SourceQuality "1"]

1. c4 e5 2. Nc3 Bb4 3. g3 Bxc3 4. bxc3 Nf6 5. Bg2 0-0 6. e4 d6 7. d3 Na6 8. Ne2 Nc5 9. 0-0 h6 10. h3 Bd7 11. Be3 Nh7 12. f4 f5 13. fxe5 fxe4 14. Rxf8+ Nxf8 15. d4 Ba4 16. Qd2 Ncd7 17. Bxe4 dxe5 18. Bd5+ Kh8 19. Rf1 c6 20. Bf7 Nh7 21. Bg6 Nhf8 22. Bb1 Qe7 23. dxe5 0-1

[Event "Kozloduy op 1st"]
[Site "Kozloduy"]
[Date "2008.06.20"]
[Round "6"]
[White "Getov, Valeri"]
[Black "Zhivkov, Georgi"]
[Result "1/2-1/2"]
[WhiteElo "1860"]
[BlackElo "2187"]
[PlyCount "39"]
[EventDate "2008.06.19"]
[EventType "swiss (rapid)"]
[EventRounds "7"]
[EventCountry "BUL"]
[SourceTitle "CBM 125 Extra"]
[Source "ChessBase"]
[SourceDate "2008.09.01"]
[SourceVersion "1"]
[SourceVersionDate "2008.09.01"]
[SourceQuality "1"]

1. c4 f5 2. Nf3 Nf6 3. d4 g6 4. g3 Bg7 5. Bg2 0-0 6. Nc3 d6 7. 0-0 Nbd7 8. Ng5 Nb6 9. Qb3 c5 10. dxc5 dxc5 11. Be3 h6 12. Rad1 Qc7 13. Nb5 Qb8 14. Bxc5 hxg5 15. Bxe7 Be6 16. Nd6 Re8 17. Nxe8 Qxe8 18. Bxf6 Bxf6 19. Bd5 Rc8 20. Rc1 1/2-1/2